| 000 | 00594nam a22001817a 4500 | ||
|---|---|---|---|
| 005 | 20251108165020.0 | ||
| 008 | 250721s1986 xx 000 0 ara d | ||
| 082 | 1 | 4 | _a926.1/نجي |
| 100 | 1 | _aالجوادى، محمد محمد | |
| 245 | 1 | 0 | _aالدكتور نجيب محفوظ رائد أطباء النساء و الولادة / |
| 264 | 1 |
_aالقاهرة : _bالهيئة المصرية العامة للكتاب، _c1986. |
|
| 300 | _a169ص | ||
| 490 | 0 | _aأعلام العرب ؛ 124 | |
| 650 | 1 | 7 | _aالتراجم |
| 650 | 1 | 7 | _aالأطباء |
| 942 |
_2ddc _cBK |
||
| 999 |
_c19962 _d19962 |
||